| 000 | 00506nam a2200217Ia 4500 | ||
|---|---|---|---|
| 003 | OSt | ||
| 005 | 20240104113102.0 | ||
| 008 | 210210b2010 xxu||||| |||| 00| 0 eng d | ||
| 040 | _cAL | ||
| 041 | _aeng | ||
| 082 | _a330 MOHP | ||
| 100 |
_aMOHAN (T K) _9147279 |
||
| 245 | _aPrinciples of economics | ||
| 250 | _a3 | ||
| 260 |
_aMangalore _bUnited Publishers _c2010 |
||
| 300 | _aviii,150 | ||
| 650 |
_a BBM I sem _9147280 |
||
| 690 |
_aEconomics _9147281 |
||
| 906 | _a064872 | ||
| 942 |
_2ddc _cBK |
||
| 999 |
_c141597 _d141597 |
||